La esclavitud negra en América /
Guardado en:
| Autor principal: | |
|---|---|
| Formato: | Texto |
| Materias: | |
| Etiquetas: |
Agregar Etiqueta
Sin Etiquetas, Sea el primero en etiquetar este registro!
|
MARC
| LEADER | 00000 a a2200000 04500 | ||
|---|---|---|---|
| 001 | 14003 | ||
| 003 | |||
| 040 | |||
| 100 | |a Befeler T., Sara | ||
| 245 | |a La esclavitud negra en América / |c Sara Befeler T. | ||
| 650 | |a ESCLAVITUD | ||
| 650 | |a NEGROS | ||
| 650 | |a IGLESIA | ||
| 650 | |a COMERCIO | ||
| 650 | |a CONDICION SOCIAL | ||
| 650 | |a AMERICA | ||
| 773 | |g número 1; páginas 30-38 | ||
| 999 | |c 30778 |d 30778 | ||
